Famous Faces - August Birthdays - Statistics

General Stats
  • This quiz has been taken 279 times
  • The average score is 17 of 31
Answer Stats
Picture Hint Answer % Correct
August 4, 1961 Barack Obama
99%
August 5, 1930 Neil Armstrong
94%
August 19, 1946 Bill Clinton
91%
August 29, 1958 Michael Jackson
91%
August 26, 1910 Mother Teresa
88%
August 15, 1769 Napoleon Bonaparte
86%
August 21, 1986 Usain Bolt
83%
August 9, 1963 Whitney Houston
82%
August 23, 1978 Kobe Bryant
79%
August 13, 1926 Fidel Castro
77%
August 8, 1981 Roger Federer
76%
August 28, 1969 Jack Black
74%
August 17, 1943 Robert De Niro
73%
August 16, 1958 Madonna
70%
August 14, 1966 Halle Berry
68%
August 27, 1908 Lyndon B. Johnson
66%
August 24, 1988 Rupert Grint
56%
August 20, 1974 Amy Adams
50%
August 6, 1911 Lucille Ball
46%
August 3, 1941 Martha Stewart
41%
August 10, 1874 Herbert Hoover
37%
August 7, 1960 David Duchovny
32%
August 25, 1530 Ivan the Terrible
29%
August 11, 1950 Steve Wozniak
21%
August 30, 1797 Mary Shelley
13%
August 2, 1924 James Baldwin
12%
August 12, 1930 George Soros
9%
August 1, 1924 Abdullah of Saudi Arabia
8%
August 22, 1920 Ray Bradbury
2%
August 18, 1962 Felipe Calderón
1%
August 31, 1870 Maria Montessori
1%
No matching quizzes found
Score Distribution
Percent of People with Each Score
Percentile by Number Answered
Your Score History
You have not taken this quiz